000 00511nam a22001697a 4500
003 MACL
005 20160112181026.0
008 160112b xxu||||| |||| 00| 0 eng d
040 _cMACL
041 _aHindi
082 _a510
100 _aडॉ लाल एवं जैन
_931570
245 _aक्विकर वस्‍तुनिष्‍ठ अंकगणित
260 _aआगरा
_bउपकार प्रकाशन
650 _aअंकगणित
_931589
942 _2ddc
_cHIN
999 _c52115
_d52115